Informačné technológie a ich úloha v manažmente znalostí diplomová práca

Salvato in:
Dettagli Bibliografici
Autore principale: Matuzná, Silvia
Ente Autore: Národohospodárska fakulta EU. Katedra sociálneho rozvoja a práce
Altri autori: Přívara, Andrej, 1983-
Natura: Libro
Lingua:slovacco
Pubblicazione: Bratislava 2015
Tags: Aggiungi Tag
Nessun Tag, puoi essere il primo ad aggiungerne!!

MARC

LEADER 00000nbm a2200000 4500
001 0201109
005 20161212095540.7
041 0 |a slo 
044 |a SK 
245 1 0 |a Informačné technológie a ich úloha v manažmente znalostí  |b diplomová práca  |c Silvia Matuzná ; školiteľ: Andrej Přívara 
264 1 |a Bratislava  |c 2015 
300 |a 66 s. 
100 1 |a Matuzná, Silvia 
700 1 |a Přívara, Andrej, 1983- 
710 2 |a Národohospodárska fakulta EU. Katedra sociálneho rozvoja a práce